书目信息 |
| 题名: |
卡尔·马克思的历史理论
|
|
| 作者: | 柯亨 著 ;岳长龄 译 | |
| 分册: | ||
| 出版信息: | 重庆 重庆出版社 1989.02 |
|
| 页数: | 385页 | |
| 开本: | 21cm | |
| 丛书名: | 国外马克思主义和社会主义研究丛书 | |
| 单 册: | ||
| 中图分类: | A8 | |
| 科图分类: | ||
| 主题词: | 马克思主义、列宁主义、毛泽东思想--学习 , 马克思主义、列宁主义、毛泽东思想--研究 | |
| 电子资源: | ||
| ISBN: | 7-5366-0900-0 | |
| 000 | 00856nam2 2200253 45 | |
| 001 | 0404230939 | |
| 005 | 20050317164155.3 | |
| 010 | @a7-5366-0900-0@dCNY4.55 | |
| 100 | @a20040423d1989 km y0chiy0120 ea | |
| 101 | 0 | @achi |
| 105 | @a z 000yy | |
| 200 | 1 | @a卡尔·马克思的历史理论@AKa Er·Ma Ke Si De Li Shi Li Lun@f(英)G·A·柯亨著@F(Ying)G·A·Ke Heng Zhu@g岳长龄译 |
| 210 | @a重庆@c重庆出版社@d1989.02 | |
| 215 | @a385页@d21cm | |
| 225 | @a国外马克思主义和社会主义研究丛书@f徐崇温主编 | |
| 410 | @12001 @a国外马克思主义和社会主义研究丛书 | |
| 410 | @1700 0@a徐崇温@AXu Chong Wen@4主编 | |
| 606 | 0 | @a马克思主义、列宁主义、毛泽东思想@x学习 |
| 606 | 0 | @a马克思主义、列宁主义、毛泽东思想@x研究 |
| 690 | @aA8@v3 | |
| 701 | 0 | @a柯亨@4著 |
| 702 | 0 | @a岳长龄@AYue Chang Ling@4译 |
| 801 | @aCN@bPftUser@c20040423 | |
| 905 | @dA8@e126@f1@b220342 | |
| 卡尔·马克思的历史理论/(英)G·A·柯亨著/岳长龄译.-重庆:重庆出版社,1989.02 |
| 385页;21cm.-(国外马克思主义和社会主义研究丛书/徐崇温主编) |
| ISBN 7-5366-0900-0:CNY4.55 |
| ● |
| 相关链接 |
|
|
|
|
正题名:卡尔·马克思的历史理论
索取号:A8/126
 
预约/预借
| 序号 | 登录号 | 条形码 | 馆藏地/架位号 | 状态 | 备注 |
| 1 | 0220342 | 001980440 | 第一借阅区/ [索取号:A8/126] | 在馆 | |
| 2 | 0220343 | 000958850 | 第一借阅区/ [索取号:A8/126] | 在馆 | |
| 3 | 0220344 | 002047626 | 第一样本阅览室/ [索取号:A8/126] | 在馆 |